|
|
|
|
| LEADER |
00000nam0a2200000 4500 |
| 001 |
59091 |
| 005 |
20231031055859.0 |
| 010 |
|
|
|a 5811405189
|
| 035 |
|
|
|a (RuTPU)RU\TPU\book\62445
|
| 090 |
|
|
|a 59091
|
| 100 |
|
|
|a 20031217d2003 m y0rusy50 ca
|
| 101 |
0 |
|
|a rus
|
| 102 |
|
|
|a RU
|
| 105 |
|
|
|a a j 000zy
|
| 200 |
1 |
|
|a Аналитическая геометрия
|e учебник
|f И. И. Привалов
|
| 205 |
|
|
|a 32-е изд.
|
| 210 |
|
|
|a СПб.
|a Москва
|a Краснодар
|c Лань
|d 2003
|
| 215 |
|
|
|a 300 с.
|c ил.
|
| 451 |
|
1 |
|0 (RuTPU)RU\TPU\book\80078
|y 5-8114-0518-9
|t Аналитическая геометрия
|o учебник
|f И. И. Привалов
|e 34 изд., стереотип.
|c СПб.
|n Лань
|d 2004
|p 299 с.
|a Привалов, Иван Иванович
|
| 451 |
|
1 |
|0 (RuTPU)RU\TPU\book\70602
|t Аналитическая геометрия
|o учебник
|f И. И. Привалов
|e 30-е изд., стер.
|c М.
|n Наука
|d 1966
|p 272 с.
|s Учебники для вузов. Специальная литература
|a Привалов, Иван Иванович
|
| 610 |
1 |
|
|a аналитическая геометрия
|
| 610 |
1 |
|
|a метод координат
|
| 610 |
1 |
|
|a линии
|
| 610 |
1 |
|
|a уравнения
|
| 610 |
1 |
|
|a конические сечения
|
| 610 |
1 |
|
|a координаты
|
| 610 |
1 |
|
|a преобразования
|
| 610 |
1 |
|
|a векторная алгебра
|
| 610 |
1 |
|
|a цилиндрические поверхности
|
| 610 |
1 |
|
|a конические поверхности
|
| 610 |
1 |
|
|a поверхности вращения
|
| 610 |
1 |
|
|a учебники
|
| 675 |
|
|
|a 514.12(075.8)
|v 3
|
| 700 |
|
1 |
|a Привалов
|b И. И.
|g Иван Иванович
|
| 801 |
|
1 |
|a RU
|b 63413507
|c 20031217
|g PSBO
|
| 801 |
|
2 |
|a RU
|b 63413507
|c 20110330
|g PSBO
|
| 942 |
|
|
|c BK
|